Представление документа в формате MARC21

Поле Инд. ПП Название Значение
Тип записи a
Библиографический уровень a
001 Контрольный номер RU/IS/BASE/444220715
005 Дата корректировки 20150513113539.6
020 a ISBN 978-7609-0800-1
040 a Служба первич. каталог. НБ ТвГУ
b Код языка каталог. rus
e Правила каталог. PSBO
041 0_ a Код языка текста rus
098 b Факультет Иностранных языков и международной коммуникации
c Кафедра английской филологии
100 1_ a Автор Оборина Марина Владимировна
q Полное имя Оборина М. В.
245 10 a Заглавие Герменевтика толерантности
260 a Место издания Тверь
b Издательство Тверской государственный университет
c Дата издания 2012
504 a Библиография Библиогр.: с. 42 (4 назв.)
520 a Аннотация Рассматривается герменевтическое отношение к понятию толерантности.
653 a Ключевые слова Труды Тверского государственного университета
653 1_ a Ключевые слова Герменевтика толерантности
653 1_ a Ключевые слова Толерантность
653 1_ a Ключевые слова Диалог
653 1_ a Ключевые слова Понимание
653 1_ a Ключевые слова Художественный текст
773 08 w Контрольный № источника RU/IS/BASE/413482289
t Название источника Проблемы межнациональных отношений: состояние и перспективы
d Место и дата издания Тверь : Тверской государственный университет, 2012
g Прочая информация С. 37-42
901 t Тип документа a
920 a Оператор Нови